000 00559nam a2200193 a 4500
001 000584792
003 AM-YEHGA
005 20250617164556.0
008 080609s1962 ru | |||||||||||||rus|d
040 _aAM-YeHGA
041 0 _arus
245 0 0 _aПод маской благочестия :
_bСборник /
_cВступ. ст. О. Георгиева
260 _aСимферополь :
_bКрымиздат,
_c1962.
300 _a67 с.,
_bил.
650 1 4 _aРелигия
650 1 4 _aАтеизм
942 _2udc
_cBK
090 _c563384
999 _c526027
_d526027